000 00264nam a2200109Ia 4500
008 200302s9999 xx 000 0 und d
100 _aMitchell Beazley
245 _aColourhealinghome
260 _bOctopus Publishing Group Ltd.
260 _c2000
300 _a127 P.,
999 _c1474
_d1474